Guess the Fusion Rock Song Lyrics #261 - Statistics

General Stats
  • This quiz has been taken 14 times
  • The average score is 231 of 395
Answer Stats
Answer % Correct
a
100%
me
100%
We
100%
we
100%
do
91%
I'll
91%
it
91%
It's
91%
it's
91%
love
91%
my
91%
The
91%
the
91%
this
91%
to
91%
you
91%
You
91%
your
91%
You're
91%
you're
91%
and
82%
And
82%
can
82%
If
82%
Then
82%
there
82%
We're
82%
will
82%
be
73%
down
73%
Down
73%
get
73%
gonna
73%
Gonna
73%
in
73%
is
73%
Just
73%
Let
73%
let
73%
Let's
73%
like
73%
of
73%
on
73%
On
73%
right
73%
So
73%
what
73%
What
73%
with
73%
Baby
64%
know
64%
life
64%
out
64%
shoes
64%
time
64%
up
64%
want
64%
Earth Wind and Fire
55%
girl
55%
good
55%
see
55%
tell
55%
yeah
55%
Come
45%
Gotta
45%
groove
45%
now
45%
Take
45%
tonight
45%
alright
36%
Alright
36%
find
36%
Give
36%
move
36%
boogie
27%
DJ
27%
light
27%
lose
27%
play
27%
tune
27%
while
27%
favorite
18%
floor
18%
found
18%
looking
18%
mind
18%
sight
18%
sound
18%
spice
18%
747
9%
after
9%
little
9%
peace
9%
Share
9%
stand
9%
ya
9%
yourself
9%
Among
0%
clouds
0%
fuse
0%
glide
0%
gods
0%
happening
0%
heavens
0%
okay
0%
set
0%
sign
0%
sky
0%
slice
0%
No matching quizzes found
Score Distribution
Percent of People with Each Score
Percentile by Number Answered
Your Score History
You have not taken this quiz